[Event "CCDOC-Pawns"]
[Site "?"]
[Date "1999.10.25"]
[Round "?"]
[White "Rojo, V"]
[Black "Logan, H"]
[Result "1-0"]
[WhiteElo "1373"]
[BlackElo "1222"]
[PlyCount "90"]
[EventDate "1999.??.??"]

1. e4 e6 2. Bc4 Nc6 3. Nc3 Nf6 4. a3 a6 5. Nf3 b5 6. Ba2 Bc5 7. d4 7... Ba7 { }
8. Bg5 h6 9. Bh4 d6 10. e5 { } 10... g5 $5 {
Attacks on the flanks are risky if the center can open!} 11. Bg3 11... Nh5 { }
12. Ne4 {misses an opportunity} (12. exd6 Nxg3 (12... cxd6 13. d5 $1 {
blasts open the center and targets Pd6}) 13. hxg3 cxd6 (13... Qxd6 $2 { } 14.
Nxg5 $1 14... Qxd4 $2 15. Qf3 $1 { protects f2, hits f7, threatens QxNc6+,
pins Nc6 to Ra8, and builds with Rd1 hitting Q . Pretty effective move!} 15...
Qe5+ 16. Kf1 {and all the listed threats are still valid}) 14. d5 { Wh has plen
ty of space and pawn targets in center and Kingside. Bl has center pawns and
the two Bs. An interesting position, but Wh has natural moves that attack: Qe2
hits Pe6, then 0-0-0 looks a Rook up the Queen's robes, etc.}) 12... d5 13.
Ned2 $2 {blocking Queens protection of Pd4} 13... Nxd4 14. Nxd4 Bxd4 15. c3 { }
15... Nxg3 $1 {nicely winning Pe5 as N also attacks Rh1} 16. fxg3 Bxe5 17. O-O
{ Black can focus an attack at King! f5-4, then h5-4,etc.} 17... Qe7 {
the Queen is misplaced, as White now shows} 18. Qf3 { Bl has dream
position-but must be careful to keep it a daydream and not fall asleep!} 18...
O-O 19. Rae1 $1 { } 19... f6 {
if Be6 moves, Wh can play BxPd5 since Pe6 is pinned!} 20. c4 $1 20... bxc4 21.
Nxc4 {
White is 2Ps down, but is fighting extremely 
well! Pd5 is pinned to Ra8!}
21... Bd6 22. b4 (22. Ne3 {threatens both Nxd5 and Nf5, assuring Black's
center breaks down! Notice Bb7 is not a concern to Qf3 since b7 isn't a
protected square!}) 22... Rb8 23. Ne3 23... Bb7 { } 24. Qh5 (24. Bxd5 {
wins a Pawn since} 24... Bxd5 25. Nxd5 {still Pe6 is pinned!}) (24. Nxd5 $2 {
walks Nd5 into pins: immediately threatens NxQ with CHECK!} 24... Qg7 $1 25.
Nxf6+ 25... Kh8 $1 26. Qf2 {
White has regained the 2Ps, but he can't save pinned Nf6!} 26... Be7 27. Rxe6
27... Bc8 {chases Re6 off Nf6 defense}) 24... Kg7 $2 {
walking into a major fork!} 25. Nf5+ 25... exf5 $1 {
Black finds a way to get the most for the Queen!} 26. Rxe7+ Bxe7 27. Rxf5 {
Time to re-evaluate! Despite Black dropping the Queen, he has maintained a
material balance: R,B,P for the Queen. Positionally, Black has the easily
coordinated plusses of 2 Bs and 2 Rs. White R and Q can be hassled by the
long-range Bs. On top of all that, somebody will have to stop the d-passer!
Black has one problem, though-- the white squares around his King, especially
g6. If White can get in Bb1, moving the R threatens Qg6+ and Qh7 mate. How is
Black to defendg6?} 27... d4 {opens Ba2 attack of key squares f7 & g8.} (27...
Rbd8 {is natural, R behind passer. Then d4-d3 blocks b1-h7 diagonal!} 28. Bb1
d4 29. Bd3 Bc8 30. Rf1 f5 31. g4 31... Rf6 { } 32. Bxf5 32... Rdf8 $1 33. Bd3 {
Black survives at the cost of a pawn, but his remaining Pawns are scattered.})
28. Bb1 Bc8 29. Rf1 29... f5 { } 30. g4 Rb5 31. Re1 Bd6 32. Bd3 { } 32... Rb6 {
the R has wasted time getting to this bad square} (32... Re5 {
allows White to force trades} 33. Rxe5 Bxe5 34. gxf5 34... Bxf5 $2 35. Bxf5
Rxf5 36. Qe8 { the Queen has too many loose targets!}) 33. g3 $1 {
Nicely stopping Bf4 and beginning to force lines open} 33... Bd7 34. h4 $1 { }
34... Bxg3 {finally allowing White in!} 35. Re7+ Kf6 36. Rxd7 Ke6 37. Rh7 Ke5
38. hxg5 hxg5 39. Qxg5 Bf4 40. Qg7+ 40... Rff6 { } 41. Qxc7+ Rbd6 42. Qc5+ Rd5
43. Re7+ 43... Re6 { } 44. Rxe6+ Kxe6 45. Bxf5+ Rxf5 1-0

[Event "Dragons-Fermi"]
[Site "?"]
[Date "1999.11.01"]
[Round "?"]
[White "Tegel, F"]
[Black "Dorigo, T"]
[Result "1/2-1/2"]
[WhiteElo "2107"]
[BlackElo "2170"]
[PlyCount "40"]
[EventDate "1999.??.??"]

1. c4 e5 2. Nc3 Nc6 3. e3 Nf6 4. d4 exd4 5. exd4 Bb4 6. Qe2+ Qe7 7. Qxe7+ Bxe7
8. Nf3 Nb4 9. Kd1 Ng4 10. Be3 Nxe3+ 11. fxe3 d6 12. a3 Nc6 13. Bd3 f5 14. Re1
O-O 15. Kc2 Bf6 16. Nd5 Rf7 17. Nxf6+ Rxf6 18. b4 Bd7 19. e4 fxe4 20. Bxe4 Re8
1/2-1/2

[Event "Fermi-Dragons"]
[Site "?"]
[Date "1999.11.01"]
[Round "?"]
[White "Spiegel, L"]
[Black "Peijffers, S"]
[Result "1-0"]
[WhiteElo "2026"]
[BlackElo "2019"]
[PlyCount "77"]
[EventDate "1999.??.??"]

1. e4 d6 2. d4 Nf6 3. Nc3 g6 4. Bg5 Nbd7 5. f4 h6 6. Bh4 Bg7 7. Nge2 b5 8. e5
Nh7 9. Nxb5 g5 10. Bg3 a6 11. Nbc3 Rb8 12. b3 gxf4 13. Nxf4 dxe5 14. Nh5 Bf6
15. Nxf6+ exf6 16. Be2 Ng5 17. h4 Ne6 18. d5 Nd4 19. O-O Nb6 20. Bf3 Bb7 21.
Qd3 Nxf3+ 22. Qxf3 Qe7 23. Ne4 Nxd5 24. Nxf6+ Nxf6 25. Qxf6 Rg8 26. Kh2 Qxf6
27. Rxf6 Rd8 28. Rf2 Rd4 29. Re1 e4 30. Bxc7 Kd7 31. Rxf7+ Ke6 32. Rf2 Kd7 33.
Bf4 Rg4 34. g3 h5 35. Be3 Rd6 36. Rf7+ Kc6 37. Rh7 Rd5 38. Rh6+ Kb5 39. c4+ 1-0

[Event "Dragons-Fermi"]
[Site "?"]
[Date "1999.11.01"]
[Round "?"]
[White "Altshuller, D"]
[Black "Gaines, I"]
[Result "1/2-1/2"]
[WhiteElo "1795"]
[BlackElo "1729"]
[PlyCount "71"]
[EventDate "1999.??.??"]

1. e4 c5 2. Nf3 d6 3. d4 cxd4 4. Nxd4 Nf6 5. Nc3 a6 6. Bc4 e6 7. Bb3 Be7 8. f4
O-O 9. Qf3 Qc7 10. Be3 Bd7 11. g4 e5 12. Nf5 Bxf5 13. gxf5 Nc6 14. O-O-O Rad8
15. Rhg1 Kh8 16. Qg2 Nh5 17. Qg4 g6 18. fxg6 fxg6 19. f5 Qd7 20. Be6 Qe8 21.
Nd5 Nf6 22. Qh3 g5 23. Bxg5 Nxd5 24. exd5 Bxg5+ 25. Rxg5 Nd4 26. Rh5 Qe7 27.
Rf1 Ne2+ 28. Kb1 28... Nf4 {DRAW AGREED} 29. Qh4 {taking advantage of loose Qe7
} 29... Qxh4 30. Rxh4 Nxe6 31. dxe6 Rf6 (31... Kg7 $2 32. e7) 32. e7 Re8 33.
Rh6 $1 33... Rxh6 34. f6 Rxf6 35. Rxf6 Rxe7 36. Rxd6 {Wh is better since the
e-Pawn is easily blocked, Bl K is confined to backranks, and any K ending wins
when White makes a queenside passer.} 1/2-1/2

[Event "Fermi-Dragons"]
[Site "?"]
[Date "1999.11.01"]
[Round "?"]
[White "Staples, C"]
[Black "Dobrovolny, C"]
[Result "0-1"]
[WhiteElo "1433"]
[BlackElo "1787"]
[PlyCount "62"]
[EventDate "1999.??.??"]

1. c4 Nf6 2. g3 e5 3. Bg2 Bc5 4. Nc3 Nc6 5. a3 a5 6. e3 O-O 7. Nge2 d6 8. O-O
h6 9. h3 Bd7 10. d4 exd4 11. exd4 Bb6 12. Kh2 12... Qc8 { } 13. Be3 Ne7 14. b4
axb4 15. axb4 c6 16. Qb3 Nf5 17. Na4 Nxe3 18. fxe3 Bc7 19. Ra3 Re8 20. Rfa1 d5
21. cxd5 Nxd5 22. e4 Nb6 23. e5 { Hard to know this was the losing move!} 23...
Rxa4 $1 24. Rxa4 Nxa4 25. Rxa4 25... c5 { } 26. Ra7 (26. bxc5 $5 26... Bxa4 27.
Qxa4 { } 27... b6 (27... Qa8 28. Qxa8 Rxa8 29. Bxb7 Ra2 30. Bf3) (27... f6 28.
Bd5+ Kf8 29. e6) 28. c6 (28. cxb6 $2 28... Bxb6 29. Bb7 Qd8 30. Bd5 Re7 31. Qb3
Rd7 32. e6 $6 32... Rxd5 33. exf7+ Kf8 (33... Kxf7 $2 34. Nf4 Bxd4 35. Qxd5+) (
33... Kh8 $2 34. Qxb6 $1) 34. Nf4 Rd6 35. Ne6+ Rxe6 36. Qxe6 36... Bxd4 {
Black wins}) 28... f6 29. Bd5+ Kh8 30. e6 {
and Black's Bishop hasn't a lot to do}) 26... cxd4 { } 27. Rxb7 $2 27... Bxh3
$1 {White's Bishop is overloaded} 28. Qc4 Bxg2 29. e6 (29. Rxc7 $4 29... Qh3+
30. Kg1 Qh1+ 31. Kf2 Qf1#) 29... Qxe6 30. Qxe6 30... Rxe6 { } 31. Nxd4 (31.
Rxc7 {Black still wins}) 31... Bxb7 0-1

[Event "Kemper-Excaliburs"]
[Site "?"]
[Date "1999.11.11"]
[Round "?"]
[White "Olsen, A"]
[Black "Weitz, R"]
[Result "1-0"]
[WhiteElo "1485"]
[BlackElo "1668"]
[PlyCount "137"]
[EventDate "1999.??.??"]

1. e4 c5 2. c3 d6 3. Nf3 Nf6 4. d3 g6 5. Be2 Bg7 6. Bg5 O-O 7. Nbd2 Be6 8. Nh4
Nc6 9. Ndf3 Re8 10. Qd2 b5 11. h3 b4 12. Bh6 Bh8 13. g4 Qa5 14. Qc1 bxc3 15.
bxc3 Nd7 16. Bd2 Rab8 17. c4 Qc7 18. Bc3 Nce5 19. Nxe5 Nxe5 20. f4 Nc6 21. Bxh8
Kxh8 22. f5 Qa5+ 23. Kf2 Bd7 24. Qh6 Ne5 25. Qe3 Qc3 26. Rhc1 Qd4 27. Qxd4 cxd4
28. Nf3 Nxf3 29. Kxf3 g5 30. Rh1 f6 31. h4 h6 32. hxg5 fxg5 33. Rxh6+ Kg7 34.
Rg6+ Kf7 35. Rxg5 Rh8 36. Rh5 Rxh5 37. gxh5 e6 38. fxe6+ Bxe6 39. Rg1 Rg8 40.
Rxg8 Kxg8 41. Kg3 a5 42. Bg4 Bf7 43. Kf4 a4 44. a3 Kg7 45. Kg5 Be8 46. Bf5 Kh8
47. Kf6 Bxh5 48. e5 dxe5 49. Kxe5 Kg8 50. Kxd4 Kf8 51. Bd7 Bd1 52. Kc5 Ke7 53.
Bb5 Bc2 54. d4 Kd8 55. Kb4 Kc7 56. Bxa4 Be4 57. Kc5 Bf3 58. Bb5 Be4 59. a4 Kb8
60. Kb6 Bf3 61. d5 Bg4 62. a5 Bc8 63. a6 Ka8 64. Kc7 Bf5 65. d6 Ka7 66. c5 Bc8
67. d7 Bxd7 68. Kxd7 Ka8 69. c6 1-0

[Event "Excaliburs-Kemper"]
[Site "?"]
[Date "1999.11.11"]
[Round "?"]
[White "Burian, D"]
[Black "Nallathambi, R"]
[Result "0-1"]
[WhiteElo "1587"]
[BlackElo "1480"]
[PlyCount "70"]
[EventDate "1999.??.??"]

1. e4 e5 2. Nf3 Nc6 3. Bc4 Bc5 4. c3 d6 5. d4 exd4 6. cxd4 Bb6 7. h3 Nf6 8. Nc3
O-O 9. Bg5 Re8 10. O-O h6 11. Bh4 11... g5 { } 12. Bxg5 $5 12... hxg5 13. Nxg5
{ } 13... Be6 $2 (13... d5 $1 14. Nxd5 14... Nxd5 {
uncovering attack on loose Ng5} 15. Qh5 (15. Nxf7 Kxf7 16. Bxd5+ 16... Be6 { }
17. Qh5+ Ke7 18. Qh7+ Kd6) (15. exd5 Qxg5 16. dxc6 Bxh3 (16... bxc6 17. Qf3 Be6
18. Qxc6 18... Bxd4 { } 19. Qxc7 $2 19... Rac8 {wins Bc4}) 17. Qf3 Bf5 18. cxb7
Rab8) 15... Qf6 16. Qh7+ Kf8 17. Bxd5 17... Nxd4 { }) 14. d5 { } 14... Nxd5 15.
Nxe6 fxe6 (15... Nxc3 $4 16. Qg4+) 16. exd5 Ne5 (16... Na5 17. Bd3 exd5) 17.
Bb3 { } 17... c5 (17... Qh4 {slowing any White Queen excursions}) 18. Qh5 Re7
19. dxe6 Qc8 20. Rae1 { } 20... c4 21. Bc2 Qxe6 22. Re4 Rf8 23. Rh4 23... Qf6 {
Black suddenly uncovers pressure to f2} 24. Nd5 {possibly missing fork to Rh4}
24... Bxf2+ 25. Kh1 Qxh4 26. Nxe7+ 26... Qxe7 {
and just like that, Black's up a piece} 27. Be4 Bc5 28. Bd5+ Kg7 29. Rc1 { }
29... Rf5 $4 {huh?} 30. Qxf5 b5 31. Rc3 $2 31... Nd3 {
Black is essentially a piece up with the Rc3 out of play} 32. b3 $4 {
Oblivious to the backrank problems} (32. Qf1) 32... Qe1+ {
wins Rook if there's no mate...} 33. Kh2 Bg1+ 34. Kh1 { } 34... Bf2+ 35. Kh2
Bg3# 0-1

[Event "Excaliburs"]
[Site "?"]
[Date "1999.11.11"]
[Round "?"]
[White "Brotsos, J"]
[Black "Friske, T"]
[Result "0-1"]
[WhiteElo "1543"]
[BlackElo "1980"]
[PlyCount "66"]
[EventDate "1999.??.??"]

1. e4 Nf6 2. e5 Nd5 3. c4 Nb6 4. d4 d6 5. f4 dxe5 6. fxe5 Bf5 7. Nf3 e6 8. Nc3
Nc6 9. Be3 Qd7 10. Be2 Bb4 11. O-O Bxc3 12. bxc3 Na5 13. c5 Nbc4 14. Bg5 h6 15.
Bh4 Ne3 16. Qd2 Nxf1 17. Rxf1 b6 18. cxb6 axb6 19. Qb2 O-O 20. Be1 Be4 21. Nd2
Bc6 22. Bd3 f5 23. exf6 Rxf6 24. Ne4 Rxf1+ 25. Kxf1 e5 26. Kg1 exd4 27. cxd4
Qe6 28. Qc2 Re8 29. Bxa5 Bxe4 30. Bxe4 Qxe4 31. Qxe4 Rxe4 32. Bc3 Re3 33. Bb2
Re2 0-1

[Event "Fermi-Dragons"]
[Site "?"]
[Date "1999.10.12"]
[Round "?"]
[White "Dorigo, T"]
[Black "Tegel, F"]
[Result "0-1"]
[WhiteElo "2170"]
[BlackElo "2107"]
[PlyCount "108"]
[EventDate "1999.??.??"]

1. e4 g6 2. d4 Bg7 3. Bc4 c5 4. Nf3 cxd4 5. Nxd4 Nc6 6. Nxc6 bxc6 7. Nc3 d6 8.
Qf3 Nf6 9. e5 dxe5 10. Qxc6+ Bd7 11. Qf3 O-O 12. O-O Qc7 13. Bb3 Bc6 14. Qe2
Qb7 15. f3 a5 16. a4 Rfd8 17. Be3 Nd5 18. Nxd5 Bxd5 19. Bxd5 Rxd5 20. b3 Rd7
21. Rad1 Rxd1 22. Rxd1 Rc8 23. Qb5 Qc7 24. Qd7 h5 25. Qxc7 Rxc7 26. c4 Rb7 27.
Rd3 f5 28. Bd2 e4 29. fxe4 fxe4 30. Rg3 e3 31. Bxe3 Rxb3 32. Bd2 Rxg3 33. hxg3
Bd4+ 34. Kf1 Bb6 35. c5 Bxc5 36. Bxa5 Kf7 37. Ke2 Ke6 38. Bc7 Kd5 39. Kd3 Bf2
40. a5 Kc6 41. Bd8 Kd7 42. Bb6 Bxb6 43. axb6 Kc6 44. Ke4 Kxb6 45. Kd4 Kc7 46.
Ke5 Kd8 47. Kd5 Kd7 48. Ke5 (48. g4 hxg4 49. g3 e6+ 50. Ke5 Ke7 51. Kf4 Kf6 52.
Kxg4 Ke5 53. Kf3 g5 54. Ke3 g4 55. Kd3 Kd5 56. Ke3 e5 57. Kd3) 48... e6 49. Kf6
(49. g4 h4 (49... hxg4 50. Kf6 (50. g3 g5 51. Kf6 Kd6 52. Kxg5 Ke5 (52... e5
53. Kxg4 Kd5 54. Kf3 $11) 53. Kxg4 Ke4) (50. Kf4 Kd6 51. Kxg4 Ke5 52. Kf3 Kd4
53. Ke2 Ke4 54. g3 e5) 50... Kd6 51. Kxg6 Ke5 52. Kf7 Kf5) 50. g5 Ke7 51. Kf4
Kd6 52. Kg4 Ke5 53. Kf3 Kf5) 49... Kd6 50. Kxg6 e5 51. Kxh5 (51. Kf5 Kd5 52. g4
hxg4 53. Kxg4 Ke4 54. Kg3 Ke3) 51... e4 52. Kg4 (52. g4 e3) 52... Kd5 53. Kf4
Kd4 54. g4 e3 0-1

[Event "Dragons-Fermi"]
[Site "?"]
[Date "1999.10.12"]
[Round "?"]
[White "Pehas, A"]
[Black "Spiegel, L"]
[Result "1/2-1/2"]
[WhiteElo "1934"]
[BlackElo "2026"]
[PlyCount "103"]
[EventDate "1999.??.??"]

1. c4 Nf6 2. g3 g6 3. Bg2 Bg7 4. Nc3 d6 5. e4 Nbd7 6. Nge2 O-O 7. O-O e5 8. d3
c6 9. h3 a6 10. a4 Ne8 11. a5 b6 12. axb6 Nxb6 13. f4 Bb7 14. f5 Rb8 15. Be3 d5
16. cxd5 cxd5 17. Bc5 d4 18. Bxf8 Bxf8 19. Na4 Bc6 20. Nxb6 Qxb6 21. Rb1 Nd6
22. fxg6 hxg6 23. g4 Be7 24. Kh2 Kg7 25. Qc2 Bd7 26. Ng1 Rc8 27. Qd2 Bb5 28.
Nf3 f6 29. Rfc1 Rxc1 30. Rxc1 a5 31. g5 Nb7 32. Qc2 Nc5 33. gxf6+ Qxf6 34. Rd1
Ba4 35. Qd2 Bxd1 36. Qxd1 Qf4+ 37. Kh1 a4 38. Bf1 g5 39. Bg2 Kf6 40. Ne1 Qe3
41. Qf3+ Qxf3 42. Bxf3 Ne6 43. Kg2 Nf4+ 44. Kg3 Bd6 45. Bd1 a3 46. bxa3 Bxa3
47. Bc2 Bb4 48. Nf3 Bc3 49. h4 gxh4+ 50. Kxh4 Ng2+ 51. Kg3 Ne1 52. Nxe1 1/2-1/2

[Event "Fermi-Chargers"]
[Site "?"]
[Date "1999.10.12"]
[Round "?"]
[White "Gaines, I"]
[Black "Dobrovolny, C"]
[Result "0-1"]
[WhiteElo "1729"]
[BlackElo "1787"]
[PlyCount "56"]
[EventDate "1999.??.??"]

1. d4 Nf6 2. c4 g6 3. Nc3 d5 4. cxd5 Nxd5 5. e4 Nxc3 6. bxc3 Bg7 7. Bc4 c5 8.
Be3 O-O 9. Ne2 Nc6 10. O-O { } 10... Qc7 {
An unusual place for Queen, as the normal cxd opens file against her} 11. Rc1
11... Rd8 {pinning Pawn at d4} 12. Qd2 { } 12... Ne5 13. Bb3 Ng4 14. Bf4 e5 15.
Bg5 { } 15... exd4 16. Bf4 {holding Bishop for attack?} (16. Bxd8 Qxd8 (16...
Bh6 $2 17. Bxc7 Bxd2 18. Rc2 {White is full Rook up}) 17. cxd4 cxd4 (17... Bh6
18. f4) 18. h3 18... Ne5 { } 19. Nxd4 (19. Qxd4 $2 19... Nf3+) 19... Nc6 20.
Nf3 {is better for White}) 16... Qe7 17. cxd4 Bxd4 18. Nxd4 18... Rxd4 {
Black wins a second Pawn} 19. Qe2 Rxe4 20. Qf3 Bf5 21. Rfd1 21... Re8 { } 22.
g3 Ne5 23. Qc3 Bg4 24. Bxe5 {losing the exchange} (24. Rd5 Nf3+ 25. Kg2 {
White attacks Pc5 and threatens Bd1}) 24... Bxd1 25. Bh8 { } 25... Re1+ $1 {
taking advantage of Bd1 blocking backrank protection!} 26. Kg2 Qe4+ 27. f3
Bxf3+ 28. Qxf3 { anything else allows mate} 28... Re2+ {White loses his Queen}
0-1

[Event "Dragons-Fermi"]
[Site "?"]
[Date "1999.10.12"]
[Round "?"]
[White "Altshuller, D"]
[Black "Para, A"]
[Result "1-0"]
[WhiteElo "1795"]
[BlackElo "1522"]
[PlyCount "59"]
[EventDate "1999.??.??"]

1. e4 g6 2. d4 Bg7 3. Nc3 d6 4. f4 Nd7 5. Be3 e5 6. fxe5 dxe5 7. d5 Ngf6 8. h3
Qe7 9. a3 Nc5 10. Bd3 a6 11. Nf3 Nxd3+ 12. Qxd3 Bd7 13. O-O-O O-O-O 14. Qc4 b5
15. Qb3 h5 16. a4 bxa4 17. Qc4 Bb5 18. Nxb5 axb5 19. Qxb5 Bh6 20. Qa6+ Kd7 21.
Qxa4+ Kc8 22. Bxh6 Rxh6 23. Ng5 Rd6 24. Rhf1 Rb6 25. Qa8+ Kd7 26. d6 Rxd6 27.
Rxd6+ cxd6 28. Qb7+ Ke8 29. Qc8+ Qd8 30. Qxd8+ 1-0

[Event "Fermi-Dragons"]
[Site "?"]
[Date "1999.10.12"]
[Round "?"]
[White "Staples, C"]
[Black "Eustace, D"]
[Result "1-0"]
[WhiteElo "1433"]
[BlackElo "1669"]
[PlyCount "53"]
[EventDate "1999.??.??"]

1. c4 e5 2. g3 Nf6 3. Bg2 d5 4. cxd5 Nxd5 5. Nf3 Nc6 6. d3 Bc5 7. O-O f6 8. a3
8... Be6 { } 9. b4 Bd4 10. Nxd4 Nxd4 11. Bb2 Qd7 12. Re1 12... O-O-O {
A bit risky with White's Queenside advanced and Bishop point homeward.} 13. Nd2
Bh3 14. Bh1 14... h5 { } 15. Rc1 (15. e3 {generates some free attacking moves}
15... Nc6 (15... Nf5 $2 16. e4) (15... Nb5 $2 16. a4 Nbc3 17. Qb3) 16. b5 { }
16... Nce7 (16... Na5 $2 17. Qa4 b6 18. Nc4 {gets stuff going good!}) 17. Qa4
17... Kb8 {I like game continuation better!}) 15... h4 16. Rc5 $1 16... hxg3 {
Mate is in the air!} 17. fxg3 (17. Rxd5 $4 17... gxh2+ 18. Kxh2 18... Bf1+ $1 {
} 19. Kg1 (19. Kg3 Qh3# (19... Rh3#)) 19... Qg4+ 20. Kxf1 Rxh1#) 17... Ne3 18.
Qc1 { } 18... c6 $2 {provides White a tempo and object to attack.} (18... Ne6
19. Ra5 Kb8 20. Nb3 {hitting loose Ne3} 20... Nf5) 19. Bxd4 exd4 20. b5 {
This attack is looking serious} 20... Be6 21. bxc6 21... Qf7 {
Whites 24th move shows the downside of this placement} 22. cxb7+ Kb8 23. Ne4 { 
} 23... Bd5 (23... Qh5 {with mate at h2, if Rc5 wasn't attacking h5!}) 24. Nd6
$1 {luring away a backrank defender, and attacking f8 once more!} 24... Rxd6 (
24... Qh5 25. Rc8+ Rxc8 26. bxc8=Q+ Rxc8 27. Qxc8#) 25. Bxd5 {
hitting Queen and threatening Rc8+} 25... Rxd5 (25... Qe8 {
stops mate, at cost of Queen} 26. Rc8+ Qxc8 27. bxc8=Q+ Rxc8 28. Qb2+ Rb6 29.
Qxd4) 26. Rc8+ Kxb7 (26... Rxc8 27. bxc8=Q#) 27. Qc6# {A solid upset win!} 1-0

[Event "Excaliburs-Northrop"]
[Site "?"]
[Date "1999.10.21"]
[Round "?"]
[White "Wong, P"]
[Black "Minin, S"]
[Result "0-1"]
[WhiteElo "2213"]
[BlackElo "2152"]
[PlyCount "78"]
[EventDate "1999.??.??"]

1. d4 Nf6 2. c4 g6 3. Nc3 Bg7 4. e4 d6 5. Be2 O-O 6. Nf3 Nbd7 7. O-O e5 8. d5
Nc5 9. Qc2 a5 10. Bg5 Bd7 11. Nd2 b6 12. b3 h6 13. Bh4 g5 14. Bg3 h5 15. f3 h4
16. Bf2 Nh5 17. Rfc1 Nf4 18. Bf1 Bh6 19. a3 Kh8 20. b4 Nb7 21. c5 axb4 22. axb4
Rxa1 23. Rxa1 bxc5 24. bxc5 Nxc5 25. Bxc5 dxc5 26. Na4 g4 27. Nxc5 g3 28. Ra6
gxh2+ 29. Kxh2 Ng6 30. Nxd7 Qxd7 31. Rc6 Bf4+ 32. Kh1 Qe7 33. Nb3 Qg5 34. Qf2
Kg7 35. Rxc7 Be3 36. Qe1 Rh8 37. Nc5 Bxc5 38. Rxc5 Qf4 39. d6 39... h3 {
Wh flagged} 0-1

[Event "Northrop-Excaliburs"]
[Site "?"]
[Date "1999.10.21"]
[Round "?"]
[White "Walker, A"]
[Black "Sullivan, J"]
[Result "1-0"]
[WhiteElo "1680"]
[BlackElo "1928"]
[PlyCount "83"]
[EventDate "1999.??.??"]

1. Nf3 c5 2. g3 Nc6 3. d4 cxd4 4. Nxd4 Nf6 5. Bg2 e5 6. Nxc6 bxc6 7. c4 Bc5 8.
O-O O-O 9. Nc3 { This would be a standard position of the Gruenfeld (with
colors reversed) if Black could get in the normal -d5.} 9... a5 {White can cont
inue Gruenfeld strategy: Bg5, Qd7/d6, Rfd1 with pressure down d-file.} 10. b3 (
10. Bg5 h6 11. Ne4 $5 { } (11. Bxf6 Qxf6 12. Ne4 12... Qe7 {
trades too many pieces}) 11... Be7 (11... Bxf2+ 12. Rxf2 hxg5 13. Nxg5 (13. Nd6
$5 {White's board control and mobility compensate for the Pawn.}))) (10. Na4 {
banishes Black's best piece}) 10... Rb8 11. Bb2 Re8 12. e4 Qc7 13. Qc2 13... d6
{ } 14. Kh1 Be6 15. Rad1 15... Bd4 { } 16. Ne2 Bxb2 17. Qxb2 Bxc4 18. Rfe1
18... Be6 { Bl has won a Pawn} 19. f4 Ng4 20. Nc3 Qa7 21. Re2 21... Red8 { }
22. Qd2 {to stop Ne3} 22... Rb4 23. f5 23... Rd4 $2 {
allowing White to attack all three of Black's unprotected pieces!} 24. Qg5
Rxd1+ 25. Nxd1 Nf6 26. fxe6 fxe6 27. Bh3 27... Re8 { Black's center reminds me
of Bobby Fischer's comment: "Is it a pawn mass or a pawn mess?"} 28. Qe3 Qc7
29. Nc3 d5 30. Qc5 Nd7 31. Qg1 d4 32. Na4 Qd6 33. Qc1 c5 34. Qc4 {
With a solid blockade. White can win with Nb2-d3, then Rc2.} 34... Kf7 35. Qb5
Ke7 36. Rc2 Rb8 37. Qxa5 d3 38. Rd2 38... Qd4 { } 39. Rd1 (39. Bg2 {then Qc3})
39... Rb4 (39... Qxe4+ 40. Bg2 Qe2 41. Qd2) 40. Bg2 Qe3 41. Qa6 d2 42. Qf1 {
Bl flagged} 1-0

[Event "Pawns-Chargers"]
[Site "?"]
[Date "1999.11.29"]
[Round "?"]
[White "Jakstas, K"]
[Black "Warren, J"]
[Result "1/2-1/2"]
[WhiteElo "2148"]
[BlackElo "2110"]
[PlyCount "22"]
[EventDate "1999.??.??"]

1. d4 Nf6 2. Nf3 e6 3. Bg5 h6 4. Bh4 d5 5. e3 Be7 6. Nbd2 O-O 7. Bd3 Nbd7 8.
O-O Re8 9. c3 c6 10. Re1 Qc7 11. Rc1 e5 1/2-1/2

[Event "Chargers-Pawns"]
[Site "?"]
[Date "1999.11.29"]
[Round "?"]
[White "Marcowka, R"]
[Black "Ellice, W"]
[Result "1-0"]
[WhiteElo "2008"]
[BlackElo "1911"]
[PlyCount "93"]
[EventDate "1999.??.??"]

1. d4 d5 2. g3 Nf6 3. Bg2 e6 4. Nf3 c5 5. O-O cxd4 6. Nxd4 Bc5 7. c3 Bd7 8. Nd2
O-O 9. N2f3 Nc6 10. Nb3 Bb6 11. Bf4 Qe7 12. Ne5 Nh5 13. Nxc6 Bxc6 14. Be5 Nf6
15. a4 a5 16. Bd4 Bxd4 17. Qxd4 e5 18. Qc5 Rfe8 19. Rfe1 Qxc5 20. Nxc5 Rad8 21.
e3 h6 22. Red1 b6 23. Na6 Rd7 24. Bf1 Red8 25. h3 d4 26. cxd4 exd4 27. Rdc1 Bb7
28. exd4 Bxa6 29. Bxa6 Rxd4 30. Ra3 Ne4 31. Bb7 Nc5 32. Bc6 Rd2 33. Rf3 Rxb2
34. Re1 f6 35. Be8 Rbd2 36. Kg2 Nd7 37. Rb3 Ne5 38. Bb5 R8d6 39. Ree3 g6 40.
Rbc3 R2d4 41. h4 h5 42. Rc7 Rd8 43. f4 Rd2+ 44. Be2 Ng4 45. Ree7 Nh6 46. Kf3
Nf5 47. Bc4+ 1-0

[Event "Pawns-Chargers"]
[Site "?"]
[Date "1999.11.29"]
[Round "?"]
[White "Mikulecky, B"]
[Black "Rosley, D"]
[Result "0-1"]
[WhiteElo "1470"]
[BlackElo "1797"]
[PlyCount "90"]
[EventDate "1999.??.??"]

1. e4 c5 2. Nf3 a6 3. Bc4 e6 4. O-O Nc6 5. Nc3 Be7 6. d4 b5 7. Be2 cxd4 8. Nxd4
Bb7 9. a3 Nf6 10. Bf3 O-O 11. Re1 Ne5 12. Bg5 h6 13. Bxf6 Bxf6 14. Be2 Qb6 15.
Nf3 Rfd8 16. Nxe5 Bxe5 17. Bd3 Rac8 18. Qd2 Qc7 19. Nd1 Bxh2+ 20. Kf1 Be5 21.
c3 d5 22. Qe2 Rd7 23. exd5 Rxd5 24. Ne3 Rd7 25. Ng4 Bf4 26. Be4 Bxe4 27. Qxe4
Qc4+ 28. Qxc4 Rxc4 29. g3 Bxg3 30. Nf6+ gxf6 31. fxg3 Rd2 32. Re2 Rd3 33. Rg2
Re4 34. Re1 Rxe1+ 35. Kxe1 Kg7 36. Ke2 Rd5 37. Rg1 Kg6 38. Rd1 Rxd1 39. Kxd1
Kf5 40. a4 bxa4 41. Kd2 Ke5 42. Kd3 Kd5 43. g4 a5 44. c4+ Kc5 45. Kc3 e5 0-1